| 000 | 00794pam a22002655a 4500 | ||
|---|---|---|---|
| 001 | 1007723 | ||
| 005 | 20200421093818.0 | ||
| 008 | 990419s1998 enk 000 0beng | ||
| 015 | _aGB98-73749 | ||
| 016 | 7 |
_a0002552221 _2Uk |
|
| 020 | _a0002552221 | ||
| 035 | _a(Uk)gb 98073749 | ||
| 040 |
_aUkOxU _cUkOxU _dUk |
||
| 100 | 1 |
_aCarr, Ian, _d1933- _9112 |
|
| 245 | 1 | 0 |
_aMiles Davis : _bthe definitive biography / _cIan Carr. |
| 250 | _aRev. ed. | ||
| 260 |
_aLondon : _bHarperCollins, _c1998. |
||
| 300 |
_a658 p., [16] p. of plates : _bill. ; _c24 cm. |
||
| 500 | _aPrevious ed.: New York: Morrow; London: Quartet, 1982. | ||
| 600 | 1 | 0 |
_aDavis, Miles, _d1926- |
| 650 | 0 |
_aJazz musicians _zUnited States _xBiography. |
|
| 942 |
_2ddc _cBK |
||
| 956 | _aNLS | ||
| 999 |
_c92 _d92 |
||